00536nam a2200145Ia 4500003000900000008004100009020002600050040001600076100002000092245009000112260003200202300002000234490003300254856010300287IN-BaIIA211028s9999 xx s 000 0 eng d a9781628413229 (Print) cIIA Library aTang, Chun, ed. 0aXX International Symposium on High-Power Laser Systems and Applications 2014h[eBook] aWashington, USAbSPIEc2015 aOnline resource aProceedings of SPIE; V. 9255 uhttps://www.spiedigitallibrary.org/conference-proceedings-of-spie/9255yClick Here to Access eBook